000 00836cam a2200265u 4500
999 _c8605
_d8605
001 8605
003 BD-JhCC
005 20180924122538.0
008 821108s1936 enkcf 000 0 eng
035 _a(BD-JhCC)8605
040 _aDLC
_cCarP
_dDLC
041 _aeng
050 0 0 _aHD1970
_b.L62
082 _a631.60945
_bLON 1936
100 1 _aLongobardi, Cesare,
_d1882- [from old catalog]
245 1 0 _aLand-reclamation in Italy :
_brural revival in the building of a nation /
_cCesare Longobardi,
260 _aLondon,
_bP. S. King & son, ltd.,
_c1936.
300 _axii, 243 p.
_bfront. plates, ports.
_c23 cm.
650 0 _aReclamation of land
_zItaly.
650 0 _aPublic works
_zItaly.
650 0 _aAgriculture
_zItaly.
700 1 _aAgresti, Olivia Rossetti, [from old catalog]
942 _2ddc
_cBK